000 00443nam a2200181Ia 4500
001 13509
005 20260306164806.0
008 260306t2012||||xx |||||||||||||| ||spa||
041 _aESP
082 _a004.6
_bF55
100 _aFitzgerald, Jerry
_eAUT
245 0 _aBusiness data communications and networking
260 _c2012
300 _axiv, 574 páginas :
_c24 cm.
650 _aGEN
654 _aCCC
942 _cLIB
_dJUS
_fJUS
_2ddc
_n
999 _c13509
_d13509